000 00560nam a22001817a 4500
005 20251108165538.0
008 250721s9999 xx 000 0 ara d
082 1 4 _aم/211.4/واح
100 1 _aالواحدي، أبو الحسن علي بن أحمد...
245 1 0 _aأسباب النزول /
264 1 _aالقاهره :
_bمكتبة القران،
_c[19-].
300 _a320ص
650 1 7 _aالقرآن الكريم
650 1 7 _aنزول القرآن
700 1 _aالطنطاوي، طارق
_eتحقيق
942 _2ddc
_cREF
999 _c30444
_d30444